[Event "Baden-ch AT2"]
[Site "Oberwinden"]
[Date "2007.04.14"]
[Round "9"]
[White "Laubis, Roland"]
[Black "Benz, Martin"]
[Result "0-1"]
[WhiteElo "1494"]
[BlackElo "1691"]
[PlyCount "56"]
[EventDate "2007.04.07"]
[EventType "swiss"]
[EventRounds "9"]
[EventCountry "GER"]
[SourceTitle "CBM 117 Extra"]
[Source "ChessBase"]
[SourceDate "2007.05.09"]
[SourceVersion "1"]
[SourceVersionDate "2007.05.09"]
[SourceQuality "1"]

1. d4 Nf6 2. c4 e6 3. Nc3 d5 4. Nf3 Be7 5. Bf4 0-0 6. e3 Bd6 7. Bg3 b6 8. Rc1 a6 9. Ne5 Bb7 10. Bh4 Be7 11. Qc2 Nbd7 12. cxd5 exd5 13. Nf3 c5 14. dxc5 bxc5 15. Be2 d4 16. exd4 Bxf3 17. Bxf3 cxd4 18. Bxa8 Qxa8 19. Ne2 Qxg2 20. Rg1 Bb4+ 21. Kd1 Qf3 22. Rg3 Qh1+ 23. Rg1 Qxh2 24. Bg3 Qh5 25. a3 d3 26. Qxd3 Nc5 27. Qc4 Rd8+ 28. Kc2 Qf5+ 0-1

[Event "Baden-ch AT2"]
[Site "Oberwinden"]
[Date "2007.04.13"]
[Round "8"]
[White "Wernet, Markus"]
[Black "Benz, Martin"]
[Result "0-1"]
[WhiteElo "1533"]
[BlackElo "1691"]
[PlyCount "70"]
[EventDate "2007.04.07"]
[EventType "swiss"]
[EventRounds "9"]
[EventCountry "GER"]
[SourceTitle "CBM 117 Extra"]
[Source "ChessBase"]
[SourceDate "2007.05.09"]
[SourceVersion "1"]
[SourceVersionDate "2007.05.09"]
[SourceQuality "1"]

1. d4 Nf6 2. Nf3 d5 3. e3 Bg4 4. c4 e6 5. Nc3 c6 6. cxd5 exd5 7. Be2 Bd6 8. Bd2 Nbd7 9. Rc1 0-0 10. 0-0 Re8 11. a3 a5 12. Re1 b5 13. Na2 Qb6 14. Rc2 b4 15. axb4 axb4 16. b3 Bf5 17. Rb2 Ra3 18. Nh4 Be6 19. Bd3 Ne4 20. Qc2 Ndf6 21. Bc1 Rea8 22. f3 Nc3 23. Nxc3 bxc3 24. Rb1 Ra2 25. Qd1 Bb4 26. Re2 c5 27. Kf1 g6 28. Bc2 Bd7 29. g3 Bb5 30. Bd3 Ra1 31. Rxa1 Rxa1 32. Rc2 c4 33. bxc4 dxc4 34. Be4 Ba4 35. Ke2 Ba3 0-1

[Event "Baden-ch AT2"]
[Site "Oberwinden"]
[Date "2007.04.11"]
[Round "6"]
[White "Saur, Mathias"]
[Black "Benz, Martin"]
[Result "0-1"]
[WhiteElo "1265"]
[BlackElo "1691"]
[PlyCount "87"]
[EventDate "2007.04.07"]
[EventType "swiss"]
[EventRounds "9"]
[EventCountry "GER"]
[SourceTitle "CBM 117 Extra"]
[Source "ChessBase"]
[SourceDate "2007.05.09"]
[SourceVersion "1"]
[SourceVersionDate "2007.05.09"]
[SourceQuality "1"]

1. e4 c5 2. f4 e5 3. Nf3 d6 4. Bc4 Nc6 5. d3 h6 6. 0-0 Nf6 7. fxe5 dxe5 8. c3 Bg4 9. Qb3 Qc7 10. d4 cxd4 11. cxd4 Bxf3 12. Qxf3 Nxd4 13. Qd3 Rd8 14. Nc3 Bc5 15. Kh1 0-0 16. Nd5 Nxd5 17. Bxd5 Rd6 18. Bd2 Nc6 19. a3 Qd8 20. b4 Bd4 21. Rac1 Qd7 22. b5 Ne7 23. Bb4 Nxd5 24. Bxd6 Qxd6 25. exd5 Qxd5 26. a4 Qe6 27. Qe4 Qb6 28. Rf3 Qa5 29. Rcf1 Qd2 30. Rg3 f5 31. Qh4 Kh7 32. Qh5 Rf6 33. Rgf3 g6 34. Qh3 e4 35. Rf4 Rd6 36. g4 Be5 37. R4f2 f4 38. Qh4 g5 39. Qh5 Rd3 40. h4 Rh3+ 41. Rh2 Rxh2+ 42. Kg1 Qe2 43. Rf2 Qe1+ 44. Rf1 0-1

[Event "Baden-ch AT2"]
[Site "Oberwinden"]
[Date "2007.04.10"]
[Round "4"]
[White "Pfefferle, Matthias"]
[Black "Benz, Martin"]
[Result "1/2-1/2"]
[WhiteElo "1644"]
[BlackElo "1691"]
[PlyCount "97"]
[EventDate "2007.04.07"]
[EventType "swiss"]
[EventRounds "9"]
[EventCountry "GER"]
[SourceTitle "CBM 117 Extra"]
[Source "ChessBase"]
[SourceDate "2007.05.09"]
[SourceVersion "1"]
[SourceVersionDate "2007.05.09"]
[SourceQuality "1"]

1. e4 c5 2. Nf3 e6 3. Nc3 a6 4. d4 cxd4 5. Nxd4 Qc7 6. Be2 Nf6 7. Bd2 b5 8. a3 Bb7 9. Bf3 Bc5 10. Nde2 d6 11. Bf4 e5 12. Bg5 Nbd7 13. 0-0 0-0 14. Qd3 h6 15. Be3 Rad8 16. Ng3 Bxe3 17. Qxe3 Nc5 18. Nf5 Kh7 19. Rad1 Ng8 20. Rd2 g6 21. Ng3 Ne7 22. Rfd1 Ne6 23. h4 f5 24. Qd3 Nd4 25. Nf1 Nxf3+ 26. gxf3 f4 27. Nh2 h5 28. Kh1 Qc8 29. Qf1 Qe6 30. Qg1 Nc6 31. Nd5 Nd4 32. c3 Nb3 33. Rd3 Nc5 34. R3d2 Bxd5 35. Rxd5 Na4 36. R1d2 Nb6 37. R5d3 Nc4 38. Re2 Rd7 39. Rd5 Nb6 40. Rd1 Rfd8 41. Red2 Nc4 42. Re2 d5 43. exd5 Rxd5 44. Rde1 Nd2 45. Qg5 Qh3 46. Qe7+ Kh6 47. Qg5+ Kh7 48. Qe7+ Kh6 49. Qg5+ 1/2-1/2

[Event "Baden-ch AT2"]
[Site "Oberwinden"]
[Date "2007.04.09"]
[Round "3"]
[White "Waschnewski, Bernd"]
[Black "Benz, Martin"]
[Result "1-0"]
[WhiteElo "1608"]
[BlackElo "1691"]
[PlyCount "103"]
[EventDate "2007.04.07"]
[EventType "swiss"]
[EventRounds "9"]
[EventCountry "GER"]
[SourceTitle "CBM 117 Extra"]
[Source "ChessBase"]
[SourceDate "2007.05.09"]
[SourceVersion "1"]
[SourceVersionDate "2007.05.09"]
[SourceQuality "1"]

1. c4 e5 2. Nc3 g6 3. Nf3 Nc6 4. d3 Bg7 5. g3 Nge7 6. Bg2 0-0 7. 0-0 d6 8. Rb1 h6 9. e3 Be6 10. h3 Qd7 11. Kh2 Rad8 12. b4 f5 13. b5 Na5 14. Bd2 e4 15. Nd4 b6 16. Nxe6 Qxe6 17. Nd5 Nxd5 18. cxd5 Qxd5 19. dxe4 Qxa2 20. exf5 Rxf5 21. Be4 Rf6 22. Ra1 Rxf2+ 23. Rxf2 Bxa1 24. Be1 Qa3 25. Qd5+ Kh8 26. Ra2 Qb3 27. Bxa5 Qxd5 28. Bxd5 Be5 29. Be1 Rd7 30. Rxa7 Kg7 31. Ra8 Bf6 32. Re8 Rd8 33. Rxd8 Bxd8 34. e4 Bf6 35. Kg2 Be5 36. Bc6 Kf6 37. Kf3 Bd4 38. g4 g5 39. h4 Bb2 40. hxg5+ hxg5 41. Ke3 Be5 42. Kd3 Ke7 43. Kc4 Ke6 44. Bb7 Bf6 45. Bc8+ Kf7 46. Kd5 Ke7 47. Bg3 Kd8 48. Bb7 Bb2 49. e5 dxe5 50. Bxe5 Bc1 51. Ke6 c5 52. bxc6 1-0